| 000 | 00556nam a2200205Ia 4500 | ||
|---|---|---|---|
| 005 | 20250508165249.0 | ||
| 008 | 008 250505s9999 xx 000 0 hin d | ||
| 020 | _a81-88122-16-5 | ||
| 037 | _aTextual | ||
| 040 |
_aFEDL _beng _cFEDL |
||
| 041 |
_ahin _2eng |
||
| 084 |
_a891.434, SHR _qFEDL |
||
| 100 |
_aShrotriya Phabhakar _9780331 |
||
| 245 | 0 | _aSamay mein vichar | |
| 260 |
_aNew Delhi, India _bKitabghar Prakashan _c2011 |
||
| 300 | _a391p. | ||
| 365 |
_aINR _b575 |
||
| 942 |
_cTEXL _h891.434, SHR |
||
| 999 |
_c1394126 _d1394126 |
||